Prace politologiczne
Na minha lista:
| Outros Autores: | |
|---|---|
| Formato: | Livro |
| Idioma: | polonês |
| Publicado em: |
Poznan
Wydawnictwo Akademii Ekonomicznej w Poznaniu
1995
|
| Edição: | 1. wyd. |
| Colecção: | Zeszyty naukowe
Zeszyt 226 |
| Assuntos: | |
| Tags: |
Sem tags, seja o primeiro a adicionar uma tag!
|
MARC
| LEADER | 00000nam a2200000 4500 | ||
|---|---|---|---|
| 001 | c014128 | ||
| 005 | 20241216073906.8 | ||
| 041 | 0 | |a pol | |
| 044 | |a PL | ||
| 245 | 1 | 0 | |a Prace politologiczne |c Ved. red. Marian Szczepaniak |
| 250 | |a 1. wyd. | ||
| 264 | 1 | |a Poznan |b Wydawnictwo Akademii Ekonomicznej w Poznaniu |c 1995 | |
| 300 | |a 141 s. | ||
| 490 | 1 | |a Zeszyty naukowe |v Zeszyt 226 | |
| 830 | 0 | |a Zeszyty naukowe |v Zeszyt 226 | |
| 610 | 2 | 0 | |a politológia |
| 610 | 2 | 0 | |a krajiny rozvojové |
| 610 | 2 | 0 | |a pomoc hospodárska |
| 610 | 2 | 0 | |a Poľsko |
| 610 | 2 | 0 | |a Fínsko |
| 610 | 2 | 0 | |a Švajčiarsko |
| 610 | 2 | 0 | |a Československo |
| 610 | 2 | 0 | |a Nemecko |
| 700 | 1 | |a Szczepaniak, Marian | |